000 00896cad a22002295a 4500
001 L141708
008 071214s2007 xxkad f s 000 0 eng d
035 _a(Sirsi) u141708
041 0 _aeng
050 0 4 _a333.33 $2 18
110 2 _aInvestment Property Databank
_92288
245 0 0 _aIPD UK quarterly property index
_bend September 2007
_h[electronic resource]
260 _aLondon
_bIPD
_c2007
490 0 _aIPD UK Quarterly Property Index
_vSeptember 2007
520 _aReports that the quarterly index delivered a total return of -1.1% in the third quarter 2007, compared to 2.1% in the previous quarter.
590 _aKA
650 2 4 _aIPD UK QUARTERLY PROPERTY INDEX
651 4 _aUnited Kingdom
_y
690 _aPROPERTY-COMMERCIAL PROPERTY-COMMERCIAL PROPERTY MARKET
856 4 0 _uhttps://www.ipd.com/
_zView this report free of charge under indices at www. ipd.com...
942 _n0
999 _c107743
_d107743